Introduction to college physics / (Record no. 8256)
[ view plain ]
| 000 -LEADER | |
|---|---|
| fixed length control field | 00639cam a22002292 4500 |
| 001 - CONTROL NUMBER | |
| control field | 8256 |
| 003 - CONTROL NUMBER IDENTIFIER | |
| rucl marc code | BD-RjUL |
| 005 - DATE AND TIME OF LATEST TRANSACTION | |
| control field | 20211208234543.0 |
| 008 - FIXED-LENGTH DATA ELEMENTS--GENERAL INFORMATION | |
| fixed length control field | 14 t1954 n 001 0 eng c |
| 035 ## - SYSTEM CONTROL NUMBER | |
| System control number | (BD-RjUL)8301 |
| 040 ## - CATALOGING SOURCE | |
| Original cataloging agency | WEL |
| Transcribing agency | WEL |
| Modifying agency | WY@ |
| -- | EQO |
| -- | BD-RjUL |
| Language of cataloging | eng |
| 041 ## - LANGUAGE CODE | |
| Language code of text/sound track or separate title | eng |
| 082 04 - DEWEY DECIMAL CLASSIFICATION NUMBER | |
| Edition number | 16 |
| Classification number | 530 |
| Author mark and year | RUI 1954 |
| 100 1# - MAIN ENTRY--PERSONAL NAME | |
| Personal name | Rusk, Rogers D., |
| Dates associated with a name | 1892- |
| 9 (RLIN) | 25734 |
| 245 10 - TITLE STATEMENT | |
| Title | Introduction to college physics / |
| Statement of responsibility, etc. | Rogers D. Rusk |
| 260 ## - PUBLICATION, DISTRIBUTION, ETC. (IMPRINT) | |
| Place of publication, distribution, etc. | New York : |
| Name of publisher, distributor, etc. | Appleton-Century-Crofts, |
| Date of publication, distribution, etc. | c1954 |
| 300 ## - PHYSICAL DESCRIPTION | |
| Pagination | xxii, 816 p. : |
| Illustrations | ill. ; |
| Size | 25 cm. |
| 504 ## - BIBLIOGRAPHY, ETC. NOTE | |
| Bibliography, etc | Includes index. |
| 650 #0 - SUBJECT ADDED ENTRY--TOPICAL TERM | |
| Topical term or geographic name as entry element | Physics. |
| 9 (RLIN) | 25735 |
| 942 ## - ADDED ENTRY ELEMENTS (KOHA) | |
| Source of classification or shelving scheme | Dewey Decimal Classification |
| Koha item type | Books |
| Lost status | Source of classification or shelving scheme | Damaged status | Not for loan | Collection code | Permanent Location | Current Location | Shelving location | Date acquired | Source of acquisition | Total Checkouts | Full call number | Date last seen | Copy number | Koha item type | Cost, normal purchase price |
|---|---|---|---|---|---|---|---|---|---|---|---|---|---|---|---|
| Dewey Decimal Classification | Non-fiction | Central Library, University of Rajshahi | Central Library, University of Rajshahi | 16/08/1962 | Asia Foundation | 530 RUI 1954 | 18/01/2014 | C-10 | Books | ||||||
| Dewey Decimal Classification | Non-fiction | Central Library, University of Rajshahi | Central Library, University of Rajshahi | 16/08/1962 | asian foundation | 530 RUI 1954 | 18/01/2014 | C-6 | Books | 0.00 | |||||
| Dewey Decimal Classification | Non-fiction | Central Library, University of Rajshahi | Central Library, University of Rajshahi | 16/08/1962 | Asia Foundation | 530 RUI 1954 | 07/09/2016 | C-2 | Books | ||||||
| Dewey Decimal Classification | Non-fiction | Central Library, University of Rajshahi | Central Library, University of Rajshahi | 16/08/1962 | Asia Foundation | 530 RUI 1954 | 07/09/2016 | C-3 | Books | ||||||
| Dewey Decimal Classification | Non-fiction | Central Library, University of Rajshahi | Central Library, University of Rajshahi | 16/06/1969 | Asia foundation | 530 RUI 1954 | 07/09/2016 | C-4 | Books | ||||||
| Dewey Decimal Classification | Non-fiction | Central Library, University of Rajshahi | Central Library, University of Rajshahi | 16/06/1969 | Asia foundation | 530 RUI 1954 | 07/09/2016 | C-5 | Books | ||||||
| Dewey Decimal Classification | Non-fiction | Central Library, University of Rajshahi | Central Library, University of Rajshahi | 16/06/1969 | Asia foundation | 530 RUI 1954 | 07/09/2016 | C-7 | Books | ||||||
| Dewey Decimal Classification | Non-fiction | Central Library, University of Rajshahi | Central Library, University of Rajshahi | 16/06/1969 | Asia foundation | 530 RUI 1954 | 07/09/2016 | C-8 | Books | ||||||
| Dewey Decimal Classification | Non-fiction | Central Library, University of Rajshahi | Central Library, University of Rajshahi | 16/06/1969 | Asia foundation | 530 RUI 1954 | 07/09/2016 | C-9 | Books | ||||||
| Dewey Decimal Classification | Not For Loan | Non-fiction | Central Library, University of Rajshahi | Central Library, University of Rajshahi | Reading Room | 16/06/1969 | Asia foundation | 530 RUI 1954 | 07/09/2016 | C-1 | Books |